Alan Walker - Faded lyrics - Statistics

General Stats
  • This quiz has been taken 646 times
  • The average score is 7 of 10
Answer Stats
Hint Answer % Correct
Where are ___ now you
97%
You were the _____ to my light shadow
92%
You fade ____ away
88%
Under the ___ sea
81%
You set my ____ on Fire Heart
75%
So ____, I'm faded lost
72%
The _______ running wild inside of me monsters
71%
Eternal silence __ the sea of
66%
These shallow _____ never met waters
56%
Another _____ dream
47%
No matching quizzes found
Score Distribution
Percent of People with Each Score
Percentile by Number Answered
Your Score History
You have not taken this quiz